| 000 -LEADER |
| fixed length control field |
01606cam a2200397 a 4500 |
| 001 - CONTROL NUMBER |
| control field |
16350827 |
| 003 - CONTROL NUMBER IDENTIFIER |
| control field |
Nust |
| 005 - DATE AND TIME OF LATEST TRANSACTION |
| control field |
20180702073013.0 |
| 008 - FIXED-LENGTH DATA ELEMENTS--GENERAL INFORMATION |
| fixed length control field |
100727s2010 nyu 000 f eng |
| 010 ## - LIBRARY OF CONGRESS CONTROL NUMBER |
| LC control number |
2010029210 |
| 020 ## - INTERNATIONAL STANDARD BOOK NUMBER |
| International Standard Book Number |
9781408802205 (pbk) |
| Terms of availability |
Rs. 1076 |
| 035 ## - SYSTEM CONTROL NUMBER |
| System control number |
(OCoLC)ocn606786158 |
| 038 ## - RECORD CONTENT LICENSOR |
| Staff Name |
Arshad |
| 040 ## - CATALOGING SOURCE |
| Original cataloging agency |
DLC |
| Transcribing agency |
DLC |
| Modifying agency |
YDX |
| -- |
BTCTA |
| -- |
YDXCP |
| -- |
CDX |
| -- |
ORX |
| -- |
VP@ |
| -- |
HBP |
| -- |
DLC |
| 043 ## - GEOGRAPHIC AREA CODE |
| Geographic area code |
a-cc-sm |
| 050 00 - LIBRARY OF CONGRESS CALL NUMBER |
| Classification number |
PS3624.U3 |
| Item number |
L67 2010 |
| 082 00 - DEWEY DECIMAL CLASSIFICATION NUMBER |
| Classification number |
813.6 |
| Author Mark |
RUI |
| 100 1# - MAIN ENTRY--PERSONAL NAME |
| Personal name |
Xu, Ruiyan. |
| 9 (RLIN) |
11353 |
| 245 14 - TITLE STATEMENT |
| Title |
The lost and forgotten languages of Shanghai = |
| Remainder of title |
Zai Shanghai shi luo de yu yan / |
| Statement of responsibility, etc. |
Ruiyan Xu. |
| 246 31 - VARYING FORM OF TITLE |
| Title proper/short title |
Zai Shanghai shi luo de yu yan |
| 250 ## - EDITION STATEMENT |
| Edition statement |
1st ed. |
| 260 ## - PUBLICATION, DISTRIBUTION, ETC. |
| Place of publication, distribution, etc. |
New York : |
| Name of publisher, distributor, etc. |
St. Martin's Press, |
| Date of publication, distribution, etc. |
2010. |
| 300 ## - PHYSICAL DESCRIPTION |
| Extent |
341 p. ; |
| Dimensions |
25 cm. |
| 650 #0 - SUBJECT ADDED ENTRY--TOPICAL TERM |
| Topical term or geographic name entry element |
Brain damage |
| General subdivision |
Patients |
| Form subdivision |
Fiction. |
| 9 (RLIN) |
11354 |
| 650 #0 - SUBJECT ADDED ENTRY--TOPICAL TERM |
| Topical term or geographic name entry element |
Neurologists |
| Form subdivision |
Fiction. |
| 9 (RLIN) |
11355 |
| 650 #0 - SUBJECT ADDED ENTRY--TOPICAL TERM |
| Topical term or geographic name entry element |
Americans |
| Geographic subdivision |
China |
| -- |
Shanghai |
| Form subdivision |
Fiction. |
| 9 (RLIN) |
11356 |
| 650 #0 - SUBJECT ADDED ENTRY--TOPICAL TERM |
| Topical term or geographic name entry element |
Triangles (Interpersonal relations) |
| Form subdivision |
Fiction. |
| 9 (RLIN) |
7637 |
| 651 #0 - SUBJECT ADDED ENTRY--GEOGRAPHIC NAME |
| Geographic name |
Shanghai (China) |
| Form subdivision |
Fiction. |
| 9 (RLIN) |
11357 |
| 655 #7 - INDEX TERM--GENRE/FORM |
| Genre/form data or focus term |
Love stories. |
| Source of term |
gsafd |
| 9 (RLIN) |
418 |
| 856 42 - ELECTRONIC LOCATION AND ACCESS |
| Materials specified |
Contributor biographical information |
| Uniform Resource Identifier |
<a href="http://www.loc.gov/catdir/enhancements/fy1112/2010029210-b.html">http://www.loc.gov/catdir/enhancements/fy1112/2010029210-b.html</a> |
| 856 42 - ELECTRONIC LOCATION AND ACCESS |
| Materials specified |
Publisher description |
| Uniform Resource Identifier |
<a href="http://www.loc.gov/catdir/enhancements/fy1112/2010029210-d.html">http://www.loc.gov/catdir/enhancements/fy1112/2010029210-d.html</a> |
| 856 41 - ELECTRONIC LOCATION AND ACCESS |
| Materials specified |
Sample text |
| Uniform Resource Identifier |
<a href="http://www.loc.gov/catdir/enhancements/fy1112/2010029210-s.html">http://www.loc.gov/catdir/enhancements/fy1112/2010029210-s.html</a> |
| 906 ## - LOCAL DATA ELEMENT F, LDF (RLIN) |
| a |
7 |
| b |
cbc |
| c |
orignew |
| d |
1 |
| e |
ecip |
| f |
20 |
| g |
y-gencatlg |
| 942 ## - ADDED ENTRY ELEMENTS (KOHA) |
| Source of classification or shelving scheme |
|
| Koha item type |
Book |